One hungry monster / (Record no. 5459)

MARC details
000 -LEADER
fixed length control field 00971nam a22003017a 4500
001 - CONTROL NUMBER
control field 5459
003 - CONTROL NUMBER IDENTIFIER
control field FISKH
005 - DATE AND TIME OF LATEST TRANSACTION
control field 20250825132814.0
008 - FIXED-LENGTH DATA ELEMENTS--GENERAL INFORMATION
fixed length control field 241209b cb ||||| |||| 00| 0 eng d
020 ## - INTERNATIONAL STANDARD BOOK NUMBER
International Standard Book Number 0590455761
040 ## - CATALOGING SOURCE
Original cataloging agency FISKH
Language of cataloging eng
Transcribing agency FISKH
Modifying agency FISKH
050 ## - LIBRARY OF CONGRESS CALL NUMBER
Classification number PZ8.O37
082 ## - DEWEY DECIMAL CLASSIFICATION NUMBER
Classification number 813.5
100 ## - MAIN ENTRY--PERSONAL NAME
Personal name O'Keefe, Heyboer Susan
Dates associated with a name (1953-)
245 ## - TITLE STATEMENT
Title One hungry monster /
Statement of responsibility, etc. A Counting Book in Rhyme by Susan Heyboer O'Keefe illustrated by Lynn Munsinger
250 ## - EDITION STATEMENT
Edition statement First printing in 1992
260 ## - PUBLICATION, DISTRIBUTION, ETC.
Place of publication, distribution, etc. Boston :
Name of publisher, distributor, etc. Scholastic,
Date of publication, distribution, etc. 1992.
300 ## - PHYSICAL DESCRIPTION
Extent 28 pages :
Other physical details color illustrations ;
Dimensions 23 cm
505 ## - FORMATTED CONTENTS NOTE
Formatted contents note E<br/>
520 ## - SUMMARY, ETC.
Summary, etc. At bedtime a small boy tries to control ten insatiable monsters demanding food and creating chaos throughout the house.
521 8# - TARGET AUDIENCE NOTE
Target audience note 200<br/><br/>
Source Lexile<br/><br/>
521 8# - TARGET AUDIENCE NOTE
Target audience note E<br/>
Source Raz-Plus<br/>
650 ## - SUBJECT ADDED ENTRY--TOPICAL TERM
Source of heading or term Math
Topical term or geographic name entry element Monster
650 ## - SUBJECT ADDED ENTRY--TOPICAL TERM
Source of heading or term Rhyme
Topical term or geographic name entry element Counting
700 ## - ADDED ENTRY--PERSONAL NAME
Personal name Munsinger, Lynn
Dates associated with a name Illustrator
942 ## - ADDED ENTRY ELEMENTS (KOHA)
Source of classification or shelving scheme Dewey Decimal Classification
Koha item type Books
Suppress in OPAC No
Holdings
Withdrawn status Lost status Source of classification or shelving scheme Damaged status Not for loan Collection Home library Current library Shelving location Date acquired Total Checkouts Full call number Barcode Date last seen Copy number Price effective from Koha item type
    Dewey Decimal Classification     Juvenile Fiction Footprints International School Library Network Toul Kork Campus Footprints International School Library Network Toul Kork Campus TK Primary Library Room(4th Floor), Bookcase 7, Shelves 57-60, Dark Green Books 12/09/2024   KEE 813.5 PZ8.O37 2024-2424 12/09/2024 1 12/09/2024 Books
    Dewey Decimal Classification     Juvenile Fiction Footprints International School Library Network Toul Tom Poung Campus Footprints International School Library Network Toul Tom Poung Campus TTP Primary Green Bookshelves 05/12/2025   KEE 813.5 PZ8.O37 2025-1273 05/12/2025 2 05/12/2025 Books
    Dewey Decimal Classification     Juvenile Fiction Footprints International School Library Network Toul Tom Poung Campus Footprints International School Library Network Toul Tom Poung Campus TTP Primary Green Bookshelves 08/25/2025   KEE 813.5 PZ8.O37 FIS01839 08/25/2025 3 08/25/2025 Books